| 000 | 00381nam a2200157Ia 4500 | ||
|---|---|---|---|
| 008 | 230711s9999||||xx |||||||||||||| ||und|| | ||
| 041 | _aENG | ||
| 082 |
_a621.3 _bBI-H |
||
| 100 | _aJohn O. Bird | ||
| 245 | 0 | _aHigher electrical technology | |
| 250 | _a1st . Ed. | ||
| 260 |
_c1987 _aNew Delhi _bHeinemann Press |
||
| 300 | _a382 | ||
| 650 | _aElectrical Engineering | ||
| 942 | _cBK | ||
| 999 |
_c1875 _d1875 |
||